[Event "44th Bosna it"]
[Site "Sarajevo BIH"]
[Date "2014.05.30"]
[Round "1.1"]
[White "Kalezic, Blazo"]
[Black "Stevic, Hrvoje"]
[Result "0-1"]
[WhiteElo "2423"]
[BlackElo "2613"]
[EventDate "2014.05.30"]
[PlyCount "154"]

1.e4 e5 2.Nf3 Nc6 3.Bb5 g6 4.d4 exd4 5.Bg5 Be7 6.Bxe7 Qxe7 7.O-O Qc5 8.
Bxc6 dxc6 9.Qxd4 Qxd4 10.Nxd4 Bd7 11.Nc3 O-O-O 12.Rad1 Nh6 13.Rd2 f6 14.
Rfd1 Nf7 15.b3 Nd6 16.f3 Rde8 17.Kf2 Rhf8 18.h4 Rf7 19.h5 gxh5 20.Rh1 c5 
21.Nde2 f5 22.exf5 Nxf5 23.Rxh5 Bc6 24.Nf4 Nd4 25.Nce2 Nf5 26.g4 Nd6 27.
Rxc5 Rxe2+ 28.Kxe2 Rxf4 29.Rd3 Nf7 30.Kf2 Rf6 31.Kg3 h6 32.Rf5 Rxf5 33.
gxf5 Nd6 34.Kf4 Bd7 35.Ke5 Kd8 36.Kf6 Ke8 37.Rc3 Kf8 38.Kg6 Bxf5+ 39.Kxh6 
c6 40.Kg5 Kf7 41.a4 a5 42.Kf4 Ke6 43.Rc5 Bg6 44.Rxa5 Bxc2 45.Re5+ Kf6 46.
Re3 Nc8 47.Rc3 Bf5 48.Ke3 Ke6 49.Rc5 Ne7 50.a5 Kd6 51.Kd4 Nd5 52.Rc1 Be6 
53.Rc2 Bf7 54.Rh2 c5+ 55.Kc4 Nc7+ 56.Kc3 Nb5+ 57.Kb2 Nd4 58.Rh7 Bd5 59.
Rh6+ Kc7 60.Rh5 Kc6 61.f4 Bxb3 62.f5 Bd5 63.Rh6+ Kd7 64.f6 Bf7 65.Rh1 Nc6 
66.Re1 Be6 67.Rd1+ Ke8 68.Rd6 Bc4 69.f7+ Kf8 70.Kc3 Nxa5 71.Rd8+ Kxf7 72.
Rc8 b6 73.Rb8 b5 74.Rc8 b4+ 75.Kb2 Nb3 76.Rh8 Ke7 77.Rh6 Be6 0-1

[Event "44th Bosna it"]
[Site "Sarajevo BIH"]
[Date "2014.05.30"]
[Round "1.2"]
[White "Rakhmanov, Aleksandr"]
[Black "Kohlweyer, Bernd"]
[Result "1-0"]
[WhiteElo "2610"]
[BlackElo "2422"]
[EventDate "2014.05.30"]
[PlyCount "91"]

1.c4 c5 2.b3 Nf6 3.Bb2 d5 4.cxd5 Nxd5 5.Nf3 Nc6 6.g3 f6 7.Bg2 e5 8.O-O Be7
9.d3 O-O 10.Nbd2 Be6 11.Rc1 Rc8 12.a3 Qd7 13.e3 Rfd8 14.Qe2 Bg4 15.Ne4 b6 
16.Qc2 Be6 17.Ned2 Bf8 18.Qb1 Kh8 19.Rfd1 Qf7 20.h3 a5 21.Ba1 Qa7 22.a4 
Ndb4 23.Nc4 Bf5 24.Ne1 Rb8 25.Rd2 Qf7 26.Rcd1 Be6 27.Qc1 Qe8 28.Kh2 Bd6 
29.Bc3 Bc7 30.Nc2 Nxc2 31.Qxc2 Nb4 32.Bxb4 axb4 33.d4 exd4 34.exd4 cxd4 
35.Rxd4 Rxd4 36.Rxd4 Rd8 37.Rh4 h6 38.Ne3 Qe7 39.Re4 Qf7 40.Rxe6 Bxg3+ 41.
Kxg3 Qxe6 42.Bf3 Rd4 43.Kg2 Rd8 44.Bg4 Qe5 45.Qg6 Rd2 46.Nc4 1-0

[Event "44th Bosna it"]
[Site "Sarajevo BIH"]
[Date "2014.05.30"]
[Round "1.3"]
[White "Ali Marandi, Cemil Can"]
[Black "Bok, Benjamin"]
[Result "0-1"]
[WhiteElo "2383"]
[BlackElo "2605"]
[EventDate "2014.05.30"]
[PlyCount "60"]

1.e4 c5 2.Nf3 e6 3.c3 Nf6 4.e5 Nd5 5.d4 cxd4 6.cxd4 d6 7.Bc4 Be7 8.O-O O-O
9.Nbd2 b6 10.Ne4 dxe5 11.dxe5 Bb7 12.a3 Nd7 13.Re1 Qc7 14.Bd3 Rfd8 15.Bd2 
g6 16.Rc1 Qb8 17.Neg5 Nc5 18.Rxc5 bxc5 19.Qa4 Nb4 20.axb4 Rxd3 21.bxc5 
Rxd2 22.Nxd2 Bxg5 23.Ne4 Bxe4 24.Qxe4 Qd8 25.b4 Rb8 26.g3 a5 27.bxa5 Qxa5 
28.c6 Rb2 29.Re2 Rxe2 30.Qxe2 Bd8 0-1

[Event "44th Bosna it"]
[Site "Sarajevo BIH"]
[Date "2014.05.30"]
[Round "1.4"]
[White "Kozul, Zdenko"]
[Black "Burovic, Ismet"]
[Result "1-0"]
[WhiteElo "2595"]
[BlackElo "2374"]
[EventDate "2014.05.30"]
[PlyCount "55"]

1.d4 g6 2.c4 Bg7 3.Nf3 d6 4.Nc3 e5 5.dxe5 dxe5 6.Qxd8+ Kxd8 7.Bd2 Bf5 8.h3
Nc6 9.g4 Bd7 10.O-O-O Ke8 11.Nd5 Rc8 12.Bc3 h6 13.e3 Be6 14.Nd2 Nf6 15.
Nxf6+ Bxf6 16.Bg2 h5 17.Bd5 Bxd5 18.cxd5 Ne7 19.Ne4 Ng8 20.f4 Bg7 21.fxe5 
Rd8 22.g5 Ne7 23.d6 cxd6 24.Nxd6+ Kf8 25.Rhf1 Nf5 26.Nxf5 Rxd1+ 27.Rxd1 
gxf5 28.Rd7 1-0

[Event "44th Bosna it"]
[Site "Sarajevo BIH"]
[Date "2014.05.30"]
[Round "1.5"]
[White "Bistric, Faruk"]
[Black "Palac, Mladen"]
[Result "0-1"]
[WhiteElo "2363"]
[BlackElo "2569"]
[EventDate "2014.05.30"]
[PlyCount "65"]

1.d4 Nf6 2.Qd3 d5 3.Nd2 g6 4.e4 dxe4 5.Nxe4 Nxe4 6.Qxe4 Bg7 7.Nf3 O-O 8.
Bc4 c5 9.Be3 Qc7 10.dxc5 Bxb2 11.O-O Nd7 12.Rae1 Nxc5 13.Qh4 Bf6 14.Ng5 h5
15.Bf4 Qc6 16.Re3 Ne6 17.Bb3 Nd4 18.Be5 Nxb3 19.cxb3 Bxe5 20.Rxe5 f6 21.
Rxe7 fxg5 22.Qxg5 Qf6 23.Qe3 b6 24.Rc1 Bf5 25.h3 Rf7 26.Rcc7 Rxe7 27.Rxe7 
Qd6 28.Rb7 Qd1+ 29.Kh2 Qd6+ 30.Kg1 Bd7 31.Qg5 Bc6 32.Re7 Re8 33.Rxe8+ 0-1

[Event "44th Bosna it"]
[Site "Sarajevo BIH"]
[Date "2014.05.30"]
[Round "1.6"]
[White "Yilmaz, Mustafa"]
[Black "Trkulja, Goran"]
[Result "1-0"]
[WhiteElo "2564"]
[BlackElo "2363"]
[EventDate "2014.05.30"]
[PlyCount "63"]

1.d4 c5 2.d5 Nf6 3.c4 e5 4.Nc3 d6 5.g3 Be7 6.Bg2 Nbd7 7.Nf3 Nf8 8.O-O Ng6 
9.e4 Bg4 10.Qc2 h5 11.h4 Qc8 12.Nd1 Bd7 13.Ne3 b5 14.cxb5 Bxb5 15.Rd1 Bd7 
16.Nd2 Ng4 17.Nf5 Bxf5 18.exf5 Nf8 19.Nc4 Nd7 20.Bg5 Nb6 21.Na5 Bxg5 22.
hxg5 f6 23.g6 h4 24.Qe4 Nh6 25.g4 Ng8 26.b4 Nd7 27.Rac1 Qa6 28.Nc4 Ke7 29.
Nxd6 Kxd6 30.bxc5+ Nxc5 31.Rxc5 Kxc5 32.d6 1-0

[Event "44th Bosna it"]
[Site "Sarajevo BIH"]
[Date "2014.05.30"]
[Round "1.7"]
[White "Rasidovic, Sead"]
[Black "Kovacevic, Aleksandar"]
[Result "0-1"]
[WhiteElo "2338"]
[BlackElo "2560"]
[EventDate "2014.05.30"]
[PlyCount "122"]

1.e4 c5 2.Nf3 d6 3.d4 cxd4 4.Nxd4 Nf6 5.Nc3 a6 6.Be2 e6 7.a4 Nc6 8.O-O Be7
9.Kh1 O-O 10.f4 Qc7 11.Nb3 b6 12.Be3 Bb7 13.Bf3 Rac8 14.Rf2 Rfd8 15.Rd2 
Nb4 16.Qg1 Nd7 17.Nd4 Nc5 18.Rad1 Qb8 19.g4 d5 20.exd5 Nxd5 21.Nxd5 Rxd5 
22.Qg2 Qa8 23.Rf1 Nxa4 24.c3 Rd7 25.f5 Bxf3 26.Nxf3 Rxd2 27.Qxd2 exf5 28.
gxf5 Qe4 29.Bd4 f6 30.Qg2 Qxf5 31.Nh4 Qd7 32.Nf5 Bd8 33.Rf3 g6 34.Nh6+ Kg7
35.Ng4 Rc6 36.b4 b5 37.h3 Re6 38.Qd2 Qc6 39.Qh6+ Kg8 40.Kg2 Re2+ 41.Nf2 
Nxc3 42.Qc1 a5 43.Qxc3 Qxc3 44.Rxc3 Kf7 45.Rc8 Re8 46.Rb8 axb4 47.Rxb5 Be7
48.Kf3 Rd8 49.Ke3 f5 50.Rb7 Ke6 51.Bb6 Rc8 52.Nd3 Bg5+ 53.Nf4+ Kd6 54.Bd4 
Re8+ 55.Kf3 Bxf4 56.Rxb4 Re4 57.Bc3 Re3+ 58.Kxf4 Rxc3 59.h4 Rh3 60.Kg5 
Rg3+ 61.Kf6 Rg4 0-1

[Event "44th Bosna it"]
[Site "Sarajevo BIH"]
[Date "2014.05.30"]
[Round "1.8"]
[White "Jovanovic, Zoran"]
[Black "Nestorovic, Lazar"]
[Result "1/2-1/2"]
[WhiteElo "2546"]
[BlackElo "2337"]
[EventDate "2014.05.30"]
[PlyCount "98"]

1.e4 g6 2.d4 Bg7 3.Nc3 d6 4.Be3 a6 5.Nf3 Nf6 6.h3 O-O 7.Bd3 b5 8.a4 b4 9.
Ne2 Bb7 10.Ng3 Nbd7 11.c3 bxc3 12.bxc3 d5 13.e5 Ne4 14.Qb1 Nxg3 15.fxg3 
Bc6 16.O-O Nb6 17.a5 Nc4 18.Bf4 Bb5 19.Rf2 f5 20.h4 h5 21.Bxc4 dxc4 22.Qc1
e6 23.Bh6 Bc6 24.Bxg7 Kxg7 25.Ng5 Bd5 26.Rb1 Qe7 27.Nh3 Rab8 28.Nf4 Be4 
29.Rb4 Rxb4 30.cxb4 Bd5 31.Qc3 Rb8 32.Rb2 c6 33.Nh3 Qb7 34.Qd2 Qe7 35.Kh2 
Rf8 36.Kg1 Rb8 37.Kf2 Rf8 38.Ke1 Be4 39.Qc1 Bd5 40.Nf4 Rb8 41.Qc3 Kf7 42.
Qd2 Rb5 43.Ne2 Kg7 44.Nc3 Rb8 45.Qg5 Qa7 46.Qe3 Qe7 47.Qg5 Qa7 48.Qd2 Qe7 
49.Qg5 Qa7 1/2-1/2

[Event "44th Bosna it"]
[Site "Sarajevo BIH"]
[Date "2014.05.30"]
[Round "1.9"]
[White "Marjanovic, Dejan"]
[Black "Bosiocic, Marin"]
[Result "1/2-1/2"]
[WhiteElo "2330"]
[BlackElo "2542"]
[EventDate "2014.05.30"]
[PlyCount "64"]

1.d4 d5 2.Nf3 c6 3.Bf4 Nf6 4.e3 Bg4 5.Nbd2 Nbd7 6.c3 e6 7.h3 Bh5 8.Qb3 Qb6
9.Be2 Be7 10.Ne5 Bxe2 11.Qxb6 axb6 12.Nxd7 Nxd7 13.Kxe2 b5 14.a3 Ra4 15.
Bg3 O-O 16.Kd3 f6 17.Kc2 e5 18.f3 Re8 19.Rad1 Bf8 20.dxe5 fxe5 21.Rhe1 g6 
22.Bf2 Nb6 23.e4 d4 24.cxd4 exd4 25.b3 Rxa3 26.Bxd4 c5 27.Bb2 Raa8 28.e5 
Be7 29.Ne4 Rad8 30.e6 Nd5 31.Be5 Nb4+ 32.Kc3 Nc6 1/2-1/2

[Event "44th Bosna it"]
[Site "Sarajevo BIH"]
[Date "2014.05.30"]
[Round "1.10"]
[White "Gleizerov, Evgeny"]
[Black "Kiroski, Toni"]
[Result "1-0"]
[WhiteElo "2541"]
[BlackElo "2327"]
[EventDate "2014.05.30"]
[PlyCount "75"]

1.d4 Nf6 2.c4 e6 3.g3 Bb4+ 4.Bd2 Bxd2+ 5.Qxd2 d5 6.Bg2 O-O 7.Nf3 c6 8.O-O 
Nbd7 9.Qc2 Ne4 10.Nc3 f5 11.b4 g5 12.b5 g4 13.Nd2 Ndf6 14.Ndxe4 fxe4 15.
Qd2 Qe7 16.f3 exf3 17.exf3 Bd7 18.bxc6 bxc6 19.cxd5 exd5 20.Rae1 Qg7 21.
Re5 h6 22.f4 Be8 23.Rfe1 Bf7 24.Na4 Nd7 25.Re7 Rfe8 26.Kf2 Rxe7 27.Rxe7 
Nb6 28.Nc5 Nc4 29.Qc3 Qf6 30.Re2 Re8 31.Rxe8+ Bxe8 32.Bf1 Nd6 33.Qe3 Bg6 
34.Nd7 Qf5 35.Qe7 Ne4+ 36.Ke3 Bf7 37.Bd3 Qe6 38.Qf8+ 1-0

[Event "44th Bosna it"]
[Site "Sarajevo BIH"]
[Date "2014.05.30"]
[Round "1.11"]
[White "Sutkovic, Damir"]
[Black "Djukic, Nikola"]
[Result "0-1"]
[WhiteElo "2326"]
[BlackElo "2534"]
[EventDate "2014.05.30"]
[PlyCount "102"]

1.d4 Nf6 2.c4 g6 3.Nc3 Bg7 4.e4 d6 5.f3 O-O 6.Be3 a6 7.Qd2 Nbd7 8.Bd3 c5 
9.Nge2 b6 10.d5 Ne5 11.O-O e6 12.a4 Ra7 13.b3 exd5 14.cxd5 Nxd3 15.Qxd3 
Re7 16.Qd2 Ne8 17.Bg5 f6 18.Bh4 Nc7 19.Rab1 Qd7 20.b4 Ree8 21.bxc5 bxc5 
22.Bg3 f5 23.Rb6 Be5 24.Bxe5 Rxe5 25.f4 Ree8 26.Ng3 Qd8 27.Rb8 Qf6 28.e5 
dxe5 29.d6 exf4 30.Rxf4 Ne6 31.Nd5 Qe5 32.Rc4 Nd4 33.Rxc5 Qxd6 34.Qxd4 
Qxb8 35.Rc7 Rf7 36.Rxf7 Kxf7 37.Qf6+ Kg8 38.Ne7+ Rxe7 39.Qxe7 Qb6+ 40.Kf1 
Qc6 41.Ne2 Bb7 42.Ke1 Qe4 43.Qd8+ Kf7 44.a5 Qe7 45.Qh8 Qh4+ 46.g3 Qxh2 47.
Qb8 Qh1+ 48.Kd2 Qd5+ 49.Ke3 Qc5+ 50.Kf4 Qf2+ 51.Kg5 Qe3+ 0-1

[Event "44th Bosna it"]
[Site "Sarajevo BIH"]
[Date "2014.05.30"]
[Round "1.13"]
[White "Mestrovic, Zvonimir"]
[Black "Kurajica, Bojan"]
[Result "1/2-1/2"]
[WhiteElo "2301"]
[BlackElo "2499"]
[EventDate "2014.05.30"]
[PlyCount "67"]

1.e4 c5 2.c3 d5 3.exd5 Qxd5 4.Nf3 g6 5.Na3 Bg7 6.Bb5+ Nc6 7.Nc4 Bd7 8.O-O 
Nh6 9.Ne3 Qd6 10.d4 cxd4 11.cxd4 O-O 12.d5 Ne5 13.Bxd7 Nxd7 14.Re1 Qa6 15.
a4 Rfd8 16.Ra3 Rac8 17.b4 Qd6 18.Rd3 Rc3 19.Rxc3 Bxc3 20.Bd2 Bxb4 21.Qc1 
Bxd2 22.Nxd2 Nf6 23.Ndc4 Qb4 24.d6 exd6 25.Rd1 d5 26.Qa1 Qe7 27.Qd4 Ra8 
28.Na5 b6 29.Nb3 Qe6 30.a5 Nhg4 31.Nxd5 Nxd5 32.Qxd5 Qxd5 33.Rxd5 Re8 34.
Kf1 1/2-1/2

[Event "44th Bosna it"]
[Site "Sarajevo BIH"]
[Date "2014.05.30"]
[Round "1.15"]
[White "Bojovic, Dusan"]
[Black "Sebenik, Matej"]
[Result "0-1"]
[WhiteElo "2285"]
[BlackElo "2497"]
[EventDate "2014.05.30"]
[PlyCount "34"]

1.e4 c5 2.Nf3 d6 3.d4 cxd4 4.Nxd4 Nf6 5.Nc3 g6 6.Be3 Bg7 7.f3 Nc6 8.Qd2 
O-O 9.O-O-O d5 10.Kb1 Rb8 11.h4 e5 12.Nxc6 bxc6 13.h5 Be6 14.Bh6 Bxh6 15.
Qxh6 Qa5 16.Qg5 Qxc3 17.b3 dxe4 0-1

[Event "44th Bosna it"]
[Site "Sarajevo BIH"]
[Date "2014.05.30"]
[Round "1.16"]
[White "Stojanovic, Dalibor"]
[Black "Mrsevic, Miroslav"]
[Result "1-0"]
[WhiteElo "2493"]
[BlackElo "2273"]
[EventDate "2014.05.30"]
[PlyCount "53"]

1.e4 d6 2.Nc3 e5 3.Bc4 Nf6 4.d3 Be6 5.Bxe6 fxe6 6.Nge2 Qd7 7.O-O Nc6 8.d4 
O-O-O 9.d5 exd5 10.exd5 Ne7 11.Be3 Kb8 12.Ng3 h5 13.Nge2 h4 14.f3 Qf5 15.
Qd2 Qg6 16.a4 Nf5 17.Bf2 Be7 18.Ra3 Rh5 19.Ne4 h3 20.g3 Nh4 21.Nxf6 Bxf6 
22.Qe3 b6 23.a5 Rf5 24.axb6 Nxf3+ 25.Kh1 axb6 26.Qd3 Kc8 27.Qb5 1-0

[Event "44th Bosna it"]
[Site "Sarajevo BIH"]
[Date "2014.05.30"]
[Round "1.17"]
[White "Kamberovic, Senad"]
[Black "Kadric, Denis"]
[Result "1/2-1/2"]
[WhiteElo "2259"]
[BlackElo "2479"]
[EventDate "2014.05.30"]
[PlyCount "108"]

1.e4 g6 2.c4 Bg7 3.g3 c5 4.Bg2 Nc6 5.Ne2 d6 6.d3 e6 7.O-O Nge7 8.Nbc3 O-O 
9.Be3 Nd4 10.Qd2 a6 11.Bh6 Nec6 12.Bxg7 Kxg7 13.Rad1 Rb8 14.f4 e5 15.h3 f6
16.Nxd4 Nxd4 17.Ne2 Nc6 18.g4 h6 19.f5 g5 20.Kf2 Bd7 21.Rh1 Qa5 22.Nc3 Be8
23.h4 Bf7 24.Rh2 b5 25.b3 Rh8 26.Rdh1 Nb4 27.Rd1 Nc6 28.Bf3 Nd4 29.Rdh1 
Qb4 30.Bd1 Qa5 31.Kg3 Rbg8 32.Bf3 Qc7 33.Rh3 Qa5 34.Nb1 Qxd2 35.Nxd2 gxh4+
36.Rxh4 Ra8 37.Bd1 a5 38.Nf3 bxc4 39.Nxd4 cxd4 40.bxc4 Be8 41.R4h2 Rb8 42.
g5 fxg5 43.f6+ Kxf6 44.Rxh6+ Rxh6 45.Rxh6+ Ke7 46.Rh7+ Kd8 47.Rh8 Kc7 48.
Rh7+ Kb6 49.Rh8 Ra8 50.Ba4 Bc6 51.Rxa8 Bxa8 52.Kg4 Kc5 53.a3 Bb7 54.Kxg5 
Bc8 1/2-1/2

[Event "44th Bosna it"]
[Site "Sarajevo BIH"]
[Date "2014.05.30"]
[Round "1.19"]
[White "Vrana, Frantisek"]
[Black "Dastan, Muhammed Batuhan"]
[Result "1/2-1/2"]
[WhiteElo "2250"]
[BlackElo "2439"]
[EventDate "2014.05.30"]
[PlyCount "100"]

1.e4 c5 2.Nf3 d6 3.g3 Nc6 4.Bg2 g6 5.d4 cxd4 6.Nxd4 Bg7 7.Ne2 Nf6 8.Nbc3 
O-O 9.O-O Rb8 10.a4 a6 11.Nd5 Nd7 12.Re1 b5 13.axb5 axb5 14.Rb1 e6 15.Ne3 
Qc7 16.b3 Rd8 17.Nf4 b4 18.Bb2 Bxb2 19.Rxb2 Nce5 20.Qd4 Qc5 21.Rd1 Qxd4 
22.Rxd4 Nc5 23.Ra2 Kf8 24.Nc4 Ba6 25.Nb2 g5 26.Nh3 g4 27.Nf4 Nf3+ 28.Bxf3 
gxf3 29.Nfd3 Bxd3 30.Nxd3 e5 31.Rc4 Nxd3 32.cxd3 Ra8 33.Rxa8 Rxa8 34.h4 
Ra1+ 35.Kh2 Rf1 36.g4 Rxf2+ 37.Kg3 Rd2 38.Rxb4 Rxd3 39.Rb7 Re3 40.h5 Rxe4 
41.Kxf3 Rf4+ 42.Kg3 h6 43.b4 Kg7 44.b5 Kf6 45.Rb8 Rb4 46.Rg8 Rb3+ 47.Kf2 
Rb2+ 48.Kg3 Rb3+ 49.Kf2 Rb2+ 50.Kg3 Rb3+ 1/2-1/2

[Event "44th Bosna it"]
[Site "Sarajevo BIH"]
[Date "2014.05.30"]
[Round "1.20"]
[White "Nestorovic, Dejan"]
[Black "Louis, Thibault"]
[Result "0-1"]
[WhiteElo "2432"]
[BlackElo "2242"]
[EventDate "2014.05.30"]
[PlyCount "64"]

1.d4 Nf6 2.c4 e6 3.Nc3 Bb4 4.e3 b6 5.Ne2 Ba6 6.a3 Be7 7.Nf4 d5 8.Qf3 c6 9.
b3 O-O 10.Bd3 Bd6 11.Bb2 Nbd7 12.O-O Re8 13.cxd5 Bxd3 14.Nxd3 exd5 15.Nf4 
Nf8 16.Rac1 Ne6 17.Nh5 Nxh5 18.Qxh5 Rc8 19.Rc2 Ng5 20.Rfc1 g6 21.Qe2 Rc7 
22.a4 f5 23.Qd2 Rf8 24.f4 Nf7 25.Nd1 Qe7 26.Rxc6 Rxc6 27.Rxc6 Re8 28.g3 
Bb4 29.Bc3 Qd7 30.Rxg6+ hxg6 31.Bxb4 Rc8 32.Kf1 a5 0-1

[Event "44th Bosna it"]
[Site "Sarajevo BIH"]
[Date "2014.05.31"]
[Round "2.1"]
[White "Stevic, Hrvoje"]
[Black "Ulibin, Mikhail"]
[Result "1-0"]
[WhiteElo "2613"]
[BlackElo "2498"]
[EventDate "2014.05.30"]
[PlyCount "55"]

1.e4 e6 2.d4 d5 3.e5 c5 4.c3 Nc6 5.Nf3 Bd7 6.Be2 Nge7 7.O-O Nf5 8.dxc5 
Bxc5 9.Bd3 Nh4 10.Nbd2 Ng6 11.Nb3 Bb6 12.Re1 Bc7 13.Bg5 Qc8 14.Bxg6 fxg6 
15.Rc1 O-O 16.c4 dxc4 17.Rxc4 Rf5 18.Bh4 a6 19.Bg3 Bb6 20.Nbd2 Qe8 21.Ne4 
Bc7 22.Nd6 Bxd6 23.exd6 Rd5 24.Qe2 Rd8 25.Re4 Na7 26.Nd4 Nb5 27.Nxe6 Bxe6 
28.Rxe6 1-0

[Event "44th Bosna it"]
[Site "Sarajevo BIH"]
[Date "2014.05.31"]
[Round "2.2"]
[White "Djukic, Nikola"]
[Black "Rakhmanov, Aleksandr"]
[Result "0-1"]
[WhiteElo "2534"]
[BlackElo "2610"]
[EventDate "2014.05.30"]
[PlyCount "170"]

1.e4 e6 2.d4 d5 3.Nc3 dxe4 4.Nxe4 Bd7 5.Nf3 Bc6 6.Bd3 Nd7 7.O-O Ngf6 8.Ng3
g6 9.Qe2 Bxf3 10.Qxf3 c6 11.Re1 Bg7 12.h4 O-O 13.h5 Qa5 14.c3 Rfe8 15.Bf4 
e5 16.dxe5 Nxe5 17.Bxe5 Rxe5 18.hxg6 hxg6 19.Rxe5 Qxe5 20.Bc4 Bf8 21.Ne2 
Rd8 22.Nf4 Kg7 23.Bf1 Rd2 24.Nd3 Qe4 25.Re1 Qxf3 26.gxf3 Bd6 27.Be2 Nd7 
28.Kf1 Ne5 29.Nxe5 Bxe5 30.Bc4 Bf6 31.Re2 Rd1+ 32.Re1 Rd8 33.Bb3 Bg5 34.
Rd1 Rxd1+ 35.Bxd1 Bc1 36.b3 Bb2 37.c4 a5 38.Ke2 f5 39.Kd3 Kf6 40.Ke3 Ke5 
41.Bc2 Bd4+ 42.Ke2 Bc5 43.Kd3 Bxf2 44.Bd1 Bc5 45.Bc2 Ba3 46.Ke3 Bc1+ 47.
Kd3 Ba3 48.Ke3 Kd6 49.Kd4 Bb2+ 50.Kd3 Kc5 51.Bd1 Kb4 52.a4 Kc5 53.Bc2 Kd6 
54.Bd1 Ba3 55.Bc2 Ke5 56.Ke3 Bc5+ 57.Kd3 Kf4 58.Ke2 Ba7 59.Bd1 Kg3 60.Bc2 
Kg2 61.Bd3 Bd4 62.Bc2 Kg3 63.Bd3 Kf4 64.Bc2 Ke5 65.Kd3 Ba7 66.Bd1 g5 67.
Be2 Kf4 68.Bd1 Ke5 69.Be2 Kf4 70.Bd1 Kg3 71.Ke2 Bd4 72.Bc2 Kf4 73.Bb1 Bc5 
74.Bc2 Bd4 75.Bb1 g4 76.fxg4 fxg4 77.Bg6 g3 78.Kf1 Bf2 79.Kg2 Ke5 80.Kf3 
Kd4 81.Bf5 Kc3 82.Bc8 Kxb3 83.Bxb7 c5 84.Bc6 Kxc4 85.Ke2 Kb3 0-1

[Event "44th Bosna it"]
[Site "Sarajevo BIH"]
[Date "2014.05.31"]
[Round "2.3"]
[White "Bok, Benjamin"]
[Black "Stojanovic, Dalibor"]
[Result "1/2-1/2"]
[WhiteElo "2605"]
[BlackElo "2493"]
[EventDate "2014.05.30"]
[PlyCount "53"]

1.e4 e5 2.Nf3 Nc6 3.Bb5 Nf6 4.O-O Nxe4 5.d4 Nd6 6.Bxc6 dxc6 7.dxe5 Nf5 8.
Qxd8+ Kxd8 9.h3 Ke8 10.Nc3 h5 11.Ne2 Be6 12.Nf4 Bd5 13.Nxd5 cxd5 14.Bf4 c6
15.Rad1 Be7 16.Rd3 Rg8 17.g4 hxg4 18.hxg4 Nh6 19.Nh2 g5 20.Bc1 Rd8 21.Re1 
Kd7 22.Rh3 Rg6 23.Kg2 Re8 24.Rh5 Bd8 25.Re3 c5 26.Reh3 Ng8 27.f4 1/2-1/2

[Event "44th Bosna it"]
[Site "Sarajevo BIH"]
[Date "2014.05.31"]
[Round "2.4"]
[White "Sebenik, Matej"]
[Black "Kozul, Zdenko"]
[Result "0-1"]
[WhiteElo "2497"]
[BlackElo "2595"]
[EventDate "2014.05.30"]
[PlyCount "112"]

1.d4 Nf6 2.c4 g6 3.Nf3 Bg7 4.g3 c6 5.Bg2 d5 6.Qb3 O-O 7.O-O Qb6 8.Nc3 Rd8 
9.c5 Qxb3 10.axb3 Na6 11.Bf4 Ne8 12.Ra4 Nac7 13.h3 Ne6 14.Be3 N8c7 15.b4 
a6 16.Rd1 f6 17.Raa1 Bd7 18.Nd2 Nf8 19.Nb3 Re8 20.Bc1 Rad8 21.Na5 Bc8 22.
Kh2 h6 23.h4 f5 24.Bf4 e5 25.dxe5 Bxe5 26.Bxe5 Rxe5 27.e3 Nd7 28.Bf3 Nf6 
29.Kg2 Kf7 30.Ne2 g5 31.hxg5 hxg5 32.Nd4 f4 33.exf4 gxf4 34.Naxc6 bxc6 35.
Nxc6 Ree8 36.Nxd8+ Rxd8 37.Rd4 Ne6 38.Rd2 Ng5 39.Rh1 Bf5 40.Rh4 fxg3 41.
fxg3 Be4 42.Bxe4 Ngxe4 43.Rd4 Rg8 44.Rd3 Rb8 45.Rf4 Ke6 46.Ra3 Rxb4 47.
Rxa6+ Ke5 48.Rb6 Rc4 49.b4 Rc2+ 50.Kg1 Nh5 51.Rf3 Nhxg3 52.Rb8 Kd4 53.Rd8 
Ne2+ 54.Kf1 N2c3 55.Rh3 Rf2+ 56.Ke1 Rb2 0-1

[Event "44th Bosna it"]
[Site "Sarajevo BIH"]
[Date "2014.05.31"]
[Round "2.5"]
[White "Palac, Mladen"]
[Black "Solomunovic, Igor"]
[Result "1/2-1/2"]
[WhiteElo "2569"]
[BlackElo "2448"]
[EventDate "2014.05.30"]
[PlyCount "49"]

1.e4 c5 2.Nf3 e6 3.d4 cxd4 4.Nxd4 Qb6 5.Be3 Bc5 6.Na3 d5 7.c3 Nf6 8.exd5 
exd5 9.Bb5+ Bd7 10.b4 Bxd4 11.Bxd4 Qe6+ 12.Be2 O-O 13.O-O Nc6 14.Bxf6 Qxf6
15.Qxd5 Bf5 16.Qf3 Rfe8 17.Nc4 Qg6 18.Rfe1 a6 19.Qg3 Rad8 20.Bf3 Rxe1+ 21.
Rxe1 Qf6 22.Ne5 Re8 23.Bxc6 Qxc6 24.Qf4 Qxc3 25.Rd1 1/2-1/2

[Event "44th Bosna it"]
[Site "Sarajevo BIH"]
[Date "2014.05.31"]
[Round "2.6"]
[White "Toth, Aleksandar"]
[Black "Yilmaz, Mustafa"]
[Result "1/2-1/2"]
[WhiteElo "2304"]
[BlackElo "2564"]
[EventDate "2014.05.30"]
[PlyCount "118"]

1.e4 c5 2.Nf3 d6 3.c3 Nf6 4.h3 Nc6 5.Bd3 d5 6.e5 Nd7 7.Bb5 Qb6 8.Qa4 c4 9.
d4 a6 10.Bxc6 Qxc6 11.Qxc6 bxc6 12.b3 Nb6 13.Ba3 Bf5 14.O-O e6 15.Bc5 Nd7 
16.Bxf8 Rxf8 17.Nbd2 Nb6 18.bxc4 Nxc4 19.Nxc4 dxc4 20.a4 a5 21.Nd2 Bd3 22.
Rfc1 Rb8 23.Ra2 Ke7 24.f3 Rb6 25.Kf2 f5 26.exf6+ gxf6 27.Ke3 Rfb8 28.g4 h5
29.h4 Rh8 30.Rh1 Rbb8 31.g5 fxg5 32.hxg5 h4 33.Ne4 h3 34.Rah2 Rb1 35.Rxb1 
Bxb1 36.Kf4 Bd3 37.Kg3 Rg8 38.Rxh3 Bxe4 39.fxe4 Rxg5+ 40.Kf4 Rg1 41.Rh7+ 
Kf6 42.e5+ Kg6 43.Rc7 Rf1+ 44.Ke3 Re1+ 45.Kf4 Rf1+ 46.Ke3 Re1+ 47.Kd2 Ra1 
48.Rxc6 Rxa4 49.Rxe6+ Kf5 50.Rf6+ Ke4 51.e6 Ra2+ 52.Kd1 Ra1+ 53.Kc2 Ra2+ 
54.Kc1 Ra1+ 55.Kb2 Re1 56.e7 Kd3 57.Rf3+ Kd2 58.Rf2+ Kd3 59.Rf3+ Kd2 
1/2-1/2

[Event "44th Bosna it"]
[Site "Sarajevo BIH"]
[Date "2014.05.31"]
[Round "2.7"]
[White "Kovacevic, Aleksandar"]
[Black "Markoja, Boris"]
[Result "1-0"]
[WhiteElo "2560"]
[BlackElo "2164"]
[EventDate "2014.05.30"]
[PlyCount "79"]

1.e4 c5 2.Nf3 g6 3.d4 cxd4 4.Nxd4 Nc6 5.c4 Nf6 6.Nc3 d6 7.Be2 Nxd4 8.Qxd4 
Bg7 9.Be3 O-O 10.Qd2 a5 11.Rd1 Be6 12.Bd4 a4 13.O-O Nd7 14.Nb5 Qa5 15.Qe3 
Rfc8 16.b3 Qb4 17.f4 axb3 18.axb3 f6 19.f5 Bf7 20.fxg6 hxg6 21.Bg4 Rd8 22.
Nc7 Ra3 23.Nd5 Qxb3 24.Nxe7+ Kf8 25.Qc1 Ra4 26.Bxd7 Rxc4 27.Qa1 Rxd4 28.
Qxd4 Rxd7 29.Nd5 f5 30.Nf6 Ke7 31.Nd5+ Kf8 32.Nf6 Ke7 33.e5 Rd8 34.exd6+ 
Kf8 35.Rfe1 Qb5 36.d7 Bxf6 37.Qxf6 Rxd7 38.Qh8+ Bg8 39.Qf6+ Bf7 40.Rc1 1-0

[Event "44th Bosna it"]
[Site "Sarajevo BIH"]
[Date "2014.05.31"]
[Round "2.8"]
[White "Louis, Thibault"]
[Black "Gleizerov, Evgeny"]
[Result "0-1"]
[WhiteElo "2242"]
[BlackElo "2541"]
[EventDate "2014.05.30"]
[PlyCount "48"]

1.e4 e6 2.d4 d5 3.e5 c5 4.c3 Nc6 5.Nf3 Bd7 6.Na3 f6 7.Bd3 cxd4 8.cxd4 Bb4+
9.Bd2 Qa5 10.Nb5 Ke7 11.Nd6 Nxd4 12.Nxd4 Bxd2+ 13.Qxd2 Qxd2+ 14.Kxd2 fxe5 
15.Nxb7 exd4 16.Nc5 Nf6 17.Rhe1 Rab8 18.Nb3 Kd6 19.f4 Rb4 20.Bc2 d3 21.
Bxd3 Rxf4 22.Rac1 Rf2+ 23.Re2 Rxe2+ 24.Kxe2 Rb8 0-1

[Event "44th Bosna it"]
[Site "Sarajevo BIH"]
[Date "2014.05.31"]
[Round "2.9"]
[White "Dastan, Muhammed Batuhan"]
[Black "Jovanovic, Zoran"]
[Result "0-1"]
[WhiteElo "2439"]
[BlackElo "2546"]
[EventDate "2014.05.30"]
[PlyCount "110"]

1.e4 d6 2.d4 Nf6 3.Nc3 e5 4.Nf3 Nbd7 5.Bc4 Be7 6.O-O O-O 7.Re1 c6 8.a4 a5 
9.b3 Nb6 10.Bf1 exd4 11.Nxd4 d5 12.e5 Ne8 13.Nce2 g6 14.g3 Ng7 15.Bg2 f6 
16.exf6 Bxf6 17.Ba3 Rf7 18.Qd2 Nd7 19.Nf4 Ne5 20.Rad1 g5 21.Nfe2 Qb6 22.h3
Bd7 23.Kh2 Ng6 24.c4 dxc4 25.bxc4 Re8 26.Bd6 Nf5 27.Nxf5 Bxf5 28.Nc3 Rxe1 
29.Rxe1 Qd4 30.Qxd4 Bxd4 31.Ne4 Bxe4 32.Rxe4 Bxf2 33.Re8+ Kg7 34.Be5+ Nxe5
35.Rxe5 Kf6 36.Rxa5 Rd7 37.Be4 Rd2 38.Rf5+ Ke6 39.Kg2 Bd4+ 40.Kf1 h6 41.
Rf3 Ke5 42.Bf5 Ra2 43.Bc8 Rxa4 44.Bxb7 Rxc4 45.h4 Rc1+ 46.Ke2 gxh4 47.gxh4
c5 48.Rf8 Rc2+ 49.Kd3 Rc3+ 50.Ke2 Rh3 51.Re8+ Kf4 52.Re4+ Kg3 53.Bd5 Rh2+ 
54.Kf1 h5 55.Be6 Kf3 0-1

[Event "44th Bosna it"]
[Site "Sarajevo BIH"]
[Date "2014.05.31"]
[Round "2.10"]
[White "Bosiocic, Marin"]
[Black "Mestrovic, Zvonimir"]
[Result "1-0"]
[WhiteElo "2542"]
[BlackElo "2301"]
[EventDate "2014.05.30"]
[PlyCount "97"]

1.e4 Nc6 2.Nf3 d6 3.d4 Nf6 4.Nc3 e5 5.Bb5 Bd7 6.Bg5 Be7 7.dxe5 Nxe5 8.
Bxd7+ Nfxd7 9.Be3 Nxf3+ 10.gxf3 c6 11.Rg1 Qa5 12.Bd4 O-O-O 13.Qe2 Bg5 14.
Rd1 f6 15.Be3 Bxe3 16.Qxe3 g5 17.Kf1 Ne5 18.b3 Rhg8 19.a4 g4 20.fxg4 Nxg4 
21.Qh3 f5 22.Rd3 Qc5 23.Rf3 Rdf8 24.exf5 Nf6 25.Rgg3 d5 26.Qh4 Rxg3 27.
hxg3 h5 28.b4 Qd6 29.Qd4 Ng4 30.Kg2 Qe5 31.Qxe5 Nxe5 32.Rf4 Kd7 33.Nd1 a5 
34.bxa5 Nc4 35.a6 bxa6 36.Ne3 Nxe3+ 37.fxe3 Kd6 38.Kh3 Ke5 39.Kh4 Kf6 40.
Kxh5 Re8 41.Rf3 c5 42.a5 Rg8 43.Kh4 Rh8+ 44.Kg4 Rh2 45.e4 dxe4 46.Rc3 e3 
47.Rxe3 Rxc2 48.Re6+ Kf7 49.Rxa6 1-0

[Event "44th Bosna it"]
[Site "Sarajevo BIH"]
[Date "2014.05.31"]
[Round "2.11"]
[White "Kurajica, Bojan"]
[Black "Marjanovic, Dejan"]
[Result "1-0"]
[WhiteElo "2499"]
[BlackElo "2330"]
[EventDate "2014.05.30"]
[PlyCount "69"]

1.Nf3 d5 2.d4 Nf6 3.c4 dxc4 4.e3 Bg4 5.Bxc4 e6 6.h3 Bh5 7.Be2 Nc6 8.Nbd2 
Bd6 9.Nc4 O-O 10.a3 Qe7 11.b4 a6 12.g4 Bg6 13.Bb2 Rfd8 14.Qb3 Be4 15.Ncd2 
Bg6 16.Rc1 a5 17.b5 a4 18.Qc4 Nb8 19.Qa2 Nbd7 20.h4 h5 21.gxh5 Nxh5 22.Rg1
Nhf6 23.Ng5 Nf8 24.Nc4 Nd5 25.e4 Bh2 26.Rg2 Bf4 27.exd5 Bxc1 28.Bxc1 Rxd5 
29.h5 Bf5 30.Ne3 Rxd4 31.Bb2 Rh4 32.Nxf7 Rh1+ 33.Bf1 Qxf7 34.Nxf5 Ng6 35.
Nh6+ 1-0